=LDR 00000nam 2200000 4500 =001 INLIS000000000024154 =005 20130612122747 =008 ***********************************Ind** =035 ##$$0010-061300000024154 =041 ##$$a Ind =082 ##$$a 028.5 =090 ##$$a 028.5, Qut m =100 ##$$a Qutni, Darul =245 ##$$a Membawa pulang sebuah senyum, Darul Qutni =260 ##$$a 2000 $b Jakarta =300 ##$$a 108 hlm, ilus, 21 cm =650 ##$$a Kisah remaja =850 ##$$a NBPNMAT